| 000 | 01126cam a2200325 a 4500 | ||
|---|---|---|---|
| 001 | 16434551 | ||
| 003 | OSt | ||
| 005 | 20230607135456.0 | ||
| 008 | 100826s2012 maua bf 001 0 eng | ||
| 010 | _a 2010935802 | ||
| 020 | _a9780618756223 (spiral) | ||
| 040 |
_aDLC _cDLC |
||
| 042 | _apcc | ||
| 050 | 0 | 0 |
_aPE1478 _b.R47 2012 |
| 245 | 0 | 4 |
_aThe research writer : _bcuriosity, discovery, dialogue / _cedited by John Van Rys, Verne Meyer, & Patrick Sebranek. |
| 260 |
_aBoston, MA : _bWadsworth, _c2012. |
||
| 300 | _axviii, 510 p. : | ||
| 504 | _aIncludes bibliographical references and index. | ||
| 650 | 0 |
_aReport writing _xStudy and teaching (Higher) |
|
| 650 | 0 |
_aAcademic writing _vHandbooks, manuals, etc. |
|
| 650 | 0 |
_aAuthorship _vStyle manuals. |
|
| 650 | 0 |
_aEnglish language _xRhetoric _vHandbooks, manuals, etc. |
|
| 650 | 0 |
_aEnglish language _xStyle _vHandbooks, manuals, etc. |
|
| 700 | 1 | _aVan Rys, John. | |
| 700 | 1 | _aMeyer, Verne. | |
| 700 | 1 | _aSebranek, Patrick. | |
| 906 |
_a7 _bcbc _corignew _d2 _eepcn _f20 _gy-gencatlg |
||
| 942 |
_2lcc _cBK |
||
| 999 |
_c20170 _d20169 |
||